Statistics for Geography questions

Click here to take the quiz!

General Stats

  • This quiz has been taken 32 times
    (11 since last reset)
  • The average score is 2 of 7

Answer Stats

QuestionAnswer% Correct
What is the world largest river?The Amazon
100%
What was the name of Myanmar till 1989?Burma
73%
What is the oldest religion?Hindu
45%
What was the second largest empire?The Mongol Empire
9%
What is the largest Animal on Earth?Atlantic Blue Whale
0%
What was the most ruthless leader leader of all time?Attila the Hun
0%
What was the richest company in history?Dutch East India
0%

Score Distribution

Percentile by Number Answered

Percent of People with Each Score

Your Score History

You have not taken this quiz since the last reset